00652 2200253 4500001002100000005001500021035002500036008004100061020001800102041000800120082001100128090001100139100002000150245006200170250001600232260003000248300004300278500000800321650001900329084002000348990001000368990001000378990001000388INLIS00000000000478120240911113047 a0010-051300000004781240911 0 ind  a979-3335-30-0 aind a297.55 a297.55 aAchmad, Chodjim1 aMistik dan Makrifat Sunan Kalijaga c.1 /cAchmad, Chodjim aCetakan : 6 aJakarta :bSerambi,c2006 a377 halaman :bIlustrasi ;c23 x 14 cm a371 4aTasauf Hakikat aR. 297.55 ACH m a20958 a20958 a20958